| 000 | 00384 a2200121 4500 | ||
|---|---|---|---|
| 001 | ART_14781 | ||
| 005 | 20260410161913.0 | ||
| 008 | 260409a | ||
| 245 | 1 | 0 | _aA new approach to the construction of family equivalence scales |
| 100 | 1 | _aKapteyn, Arie | |
| 700 | 1 | _aVan Praag, Bernard | |
| 773 | 0 |
_tEuropean economic review _g- Vol. 7, NÂș 4 (may. 1976) _wREV13346 |
|
| 999 |
_c27030 _d27030 |
||